La cocina de Jamie Oliver: recetas frescas de un joven chef

Kaydedildi:
Detaylı Bibliyografya
Yazar: Oliver, Jamie (autor)
Materyal Türü: Kitap
Dil:İspanyolca
Baskı/Yayın Bilgisi: Barcelona RBA Libros 2004
Konular:
Etiketler: Etiketle
Etiket eklenmemiş, İlk siz ekleyin!

MARC

LEADER 00000cam a2200000 a 4500
001 UCF1945
003 CL-VaPUC
008 120802e20040000SP |||||||||||||||||spa|d
020 |a 9788478712045 
082 0 4 |a 641.59  |b OLI  |2 21 
100 |a Oliver, Jamie  |e autor  |9 563577 
245 1 3 |a La cocina de Jamie Oliver: recetas frescas de un joven chef 
300 |a 249 p 
942 |c BK 
945 |d 20120802 00:00:00  |a dcastane 
260 |a Barcelona  |b RBA Libros  |c 2004 
650 7 |a COCINA INTERNACIONAL  |2 CL-VaPUC  |9 560691 
650 0 |a Gastronomía  |9 324668 
583 |a last modification  |c 20120802 10:35:00  |k Rodrigo Vera 
999 |c 348629  |d 348627 
952 |0 0  |1 0  |4 0  |6 641_590000000000000_OLI_2004  |7 0  |8 A  |9 450748  |a BIBING  |b BIBING  |d 2019-11-22  |i 4873661  |o 641.59 OLI 2004  |p 4873661  |r 2025-01-20  |w 2019-11-22  |y BK  |k CUI